Score 0/10 Timer 02:00
1 Play Today
Scrambled Word Answer % Correct
RIBDBird
99.5%
SYEKKeys
91.4%
WNSASwan
87.8%
LSIHLHills
79.5%
SLTIList
77.8%
RBRYEBerry
69.7%
Word the above have in common:Black
52.8%
MISHTSmith
50.1%
HBASBTASabbath
48.3%
IARYFDFriday
34.8%

You're not logged in!

Compare scores with friends on all Sporcle quizzes.
OR
Log In

Sporcle TV

Today on Sporcle TV


Watch our educational content, quiz creation guides, and fun videos on Sporcle TV.

Show Comments

Extras

Top Quizzes Today


Score Distribution

Paid Content

Your Account Isn't Verified!

In order to create a playlist on Sporcle, you need to verify the email address you used during registration. Go to your Sporcle Settings to finish the process.

Report this User

Report this user for behavior that violates our Community Guidelines.

Details: